Collective imaginings (Record no. 64697)
[ view plain ]
| 000 -LEADER | |
|---|---|
| fixed length control field | 01428nam a2200361Ia 4500 |
| 082 04 - DEWEY DECIMAL CLASSIFICATION NUMBER | |
| Classification number | 199/.492 |
| 100 1# - MAIN ENTRY--AUTHOR NAME | |
| Personal name | Gatens, Moira. |
| 245 10 - TITLE STATEMENT | |
| Title | Collective imaginings |
| 260 ## - PUBLICATION, DISTRIBUTION, ETC. (IMPRINT) | |
| Place of publication | New York : |
| Name of publisher | Routledge, |
| Year of publication | 1999. |
| 300 ## - PHYSICAL DESCRIPTION | |
| Number of Pages | [viii], 169 p. |
| 650 #0 - SUBJECT ADDED ENTRY--TOPICAL TERM | |
| Topical Term | Imagination (Philosophy) |
| Topical Term | Responsibility. |
| 700 1# - ADDED ENTRY--PERSONAL NAME | |
| Personal name | Lloyd, Genevieve. |
| 856 40 - ELECTRONIC LOCATION AND ACCESS | |
| Uniform Resource Identifier | http://site.ebrary.com/lib/rucke/Doc?id=10054587 |
No items available.
